People power : Developing the talent to perform
| Main Author: | |
|---|---|
| Other Authors: | |
| Format: | Book |
| Published: |
London :
Vola Press Limited ,
2003
|
| Subjects: |
MARC
| LEADER | 00000cam a2200000 7i4500 | ||
|---|---|---|---|
| 001 | 0000017404 | ||
| 005 | 20080521.0 | ||
| 008 | 210508 | ||
| 020 | |a 0954532821 | ||
| 090 | 0 | 0 | |a 658.30122 |b WAR |
| 100 | 1 | |a Warren, Kim | |
| 245 | 1 | 0 | |a People power : |b Developing the talent to perform |c Kim Warren & Jeremy Kourdi |
| 260 | |a London : |b Vola Press Limited , |c 2003 | ||
| 650 | 0 | |a Personal management | |
| 650 | 0 | |a Strategic planning | |
| 700 | 1 | |a Kourdi, Jeremy | |
| 999 | |a 0001003795 |b Book |c Adult Collection |e Perbadanan Perpustakaan Awam Johor | ||